Alabama Senate Elections - Statistics

General Stats
  • This quiz has been taken 14 times
  • The average score is 5 of 12
Answer Stats
Year Seat Party Percent Answer % Correct
2022 Class 3 R 66.6% Katie Britt
100%
2014 Class 2 R 97.3% Jeff Sessions
88%
2020 Class 2 R 60.1% Tommy Tuberville
88%
2020 Class 2 D 39.7% Doug Jones
75%
2016 Class 3 R 64.0% Richard Shelby
75%
2017 Class 2 R 48.3% Roy Moore
75%
2002 Class 2 D 39.8% Susan Parker
13%
2008 Class 2 D 36.5% Vivian Davis Figures
13%
2022 Class 3 D 30.9% Will Boyd
13%
2016 Class 3 D 35.9% Ron Crumpton
0%
2004 Class 3 D 32.4% Wayne Sowell
0%
2010 Class 3 D 34.7% William G. Barnes
0%
No matching quizzes found
Score Distribution
Percent of People with Each Score
Percentile by Number Answered
Your Score History
You have not taken this quiz